Normal view
MARC view
- Hart, Daniel W
Entry Personal Name
001 - CONTROL NUMBER
- control field: 83306
003 - CONTROL NUMBER IDENTIFIER
- control field: NUST
005 - DATE AND TIME OF LATEST TRANSACTION
- control field: 20211021101956.0
008 - FIXED-LENGTH DATA ELEMENTS
- fixed length control field: 211021|| aca||aabn | a|a d
040 ## - CATALOGING SOURCE
- Original cataloging agency: NUST
- Transcribing agency: NUST
100 ## - HEADING--PERSONAL NAME
- Personal name: Hart, Daniel W
670 ## - SOURCE DATA FOUND
- Source citation: Work cat.: (NUST)174610: Hart, Daniel W., Power Electronics /, 2011.
